000 00423nam a2200181Ia 4500
003 OSt
005 20240408125705.0
008 170627s9999 xx 000 0 und d
020 _a978-9389368093
040 _cIIMT ENGINEERING COLLEGE
100 _aRUSTOGI- R.P.
245 0 _aFINANCIAL MANAGEMENT
260 _bGALGOTIA
260 _c2005
546 _aENGLISH
690 _aFINANCIAL MANAGEMENT
942 _2ddc
_c02
999 _c35334
_d35334